Score 0/18 Timer 02:00
0 Plays Today
Hint Missing Word % Correct
Texas ____ 'EmHold
97.4%
__ FishGo
93.6%
Gin _____Rummy
87.8%
Five ____ StudCard
84.4%
_____ EightsCrazy
83.3%
___ MaidOld
80.3%
______ to ApplesApples
75.1%
Dragon ____ ZBall
74.3%
Yu-__-Oh!Gi
73.4%
Hint Missing Word % Correct
____ CellFree
54.3%
Spider _________Solitaire
53.3%
_____: The GatheringMagic
44.7%
____-BOSKIP
32.4%
_____ 10Phase
30.6%
Follow the _____Queen
20.2%
_____ in the CornerKings
16%
Mille ______Bornes
12.9%
_____ Up PokerHeads
12.4%

Today's Daily Dose

Remove Ads.
Support Sporcle.
Get the best of Sporcle when you Go Orange. This ad-free experience offers more features, more stats, and more fun while also helping to support Sporcle. Thank you for becoming a member.

You're not logged in!

Compare scores with friends on all Sporcle quizzes.
OR
Log In

Show Comments

Extras

Top Quizzes Today


Score Distribution

Your Account Isn't Verified!

In order to create a playlist on Sporcle, you need to verify the email address you used during registration. Go to your Sporcle Settings to finish the process.

Report this User

Report this user for behavior that violates our Community Guidelines.

Details: